| 000 | 01056nam a2200229Ii 4500 | ||
|---|---|---|---|
| 003 | JO-AjNU | ||
| 005 | 20240623113747.0 | ||
| 008 | 230605s9999||||xx |||||||||||||| ||und|| | ||
| 040 |
_aJO-AjNU _bara _erda _cJO-AjNU |
||
| 041 | _aara | ||
| 050 | 1 | 4 | _aBP144 2016 |
| 100 | 3 |
_aاعداد ربابعة، محمد علي محمد؛ اشراف خلوق ضيف الله آغا, _eauthor _957811 |
|
| 245 | 0 | 0 | _aنقد المتن عند الاصوليين دراسة "تأصيلية تطبيقية"=Criticism of "text of hadeeth " by fundamentalists "authentec applied study" |
| 264 | 3 | 1 | _a2016 |
| 300 | _a144 ورقة | ||
| 336 |
_atext _btxt _2rdacontent |
||
| 337 |
_aunmediated _bn _2rdamedia |
||
| 338 |
_avolume _bnc _2rdacarrier |
||
| 500 | _aرسالة جامعية (دكتوراة في تخصص الفقه واصوله)--جامعة العلوم الاسلامية العالمية، كلية الدراسات العليا، عمان)، 2016، يشتمل على ببلوغرافيا | ||
| 650 | 4 |
_aالفقة الاسلامي _957812 |
|
| 942 |
_2lcc _cTHS |
||
| 999 |
_c29496 _d29496 |
||